01279 2200277 4500001002100000005001500021035002000036007000300056008004100059020002200100082001000122084001900132100002700151245009300178250001700271300003800288650002700326700003000353520046800383264004400851336002100895337003000916338002300946990001600969990001600985INLIS00000000116287220230111085613 a0010-0123000039ta230111 g 0 ind  a978-602-5702-01-3 a633.8 aSR 633.8 SAT p0 aSatisa Maryamepenulis1 aPasti kaya dengan usaha budidaya lidah buaya /cSatisa Maryam; penyunting, Eista Swaesti aCetakan 2022 a136 halaman :bilustrasi ;c21 cm 4aPerkebunan lidah buaya0 aEista Swaestiepenyunting aBuku ini akan membahas tata cara membudidayakan tanaman lidah buaya, mula dari persiapan hingga panen. Di samping itu, di dalam buku ini juga akan dipaparkan cara pemasaran produk lidah buaya. Pembaca juga akan diberikan aneka inspirasi peluang usaha dengan pemanfaatan lidah buaya. Keistimewaan lannya adalah buku ini juga dilengkapi dengan estimasi modal dan keuntungan serta waktu yang diperlukan hingga usaha budidaya lidah buaya mulai menghasilkan keuntungan aMalang :bLembaga Kajian Profesi,c2022 2rdacontentaTeks 2rdamediaaTanpa perantara 2rdacarrieraVolume a51520.64340 a51521.64341